High Speed Ready Reaction Quiz - Statistics

General Stats
  • This quiz has been taken 115 times
  • The average score is 34 of 50
Answer Stats
letter letter % Correct
B B
100%
D D
100%
J J
100%
T T
100%
C C
98%
D D
98%
P P
98%
Q Q
98%
F F
97%
I I
97%
J J
97%
G G
95%
C C
92%
F F
92%
J J
92%
M M
92%
P P
92%
R R
92%
S S
92%
W W
92%
Y Y
92%
M M
91%
G G
86%
Y Y
85%
N N
83%
S S
82%
C C
77%
K K
72%
M M
71%
R R
71%
F F
68%
B B
65%
H H
54%
U U
48%
Y Y
45%
D D
38%
D D
37%
Z Z
31%
Q Q
29%
H H
28%
R R
28%
N N
26%
P P
23%
H H
22%
T T
20%
E E
15%
J J
15%
I I
12%
B B
11%
F F
9%
No matching quizzes found
Score Distribution
Percent of People with Each Score
Percentile by Number Answered
Your Score History
You have not taken this quiz